00930nam a2200325 a 4500003000900000005001700009008004100026020001800067040001300085100003300098245005300131250001200184260002500196300001900221490004900240504005700289650001500346650002000361650002200381650001100403650002200414651001100436651001000447651001200457651002100469653001500490700002800505700002900533800004200562AR-BaBNM20251128203315.0082120s2002 ||||||||||||||000 | spa|| a84-7100-492-5 cAR-BaBNM1 aRivadulla Barrientos, Daniel00aEl exilio español en América en el siglo XIX a1ª ed. aMadridbMapfrec1992 a417 p.btablas 0aRelaciones entre España y Américavv. 14 aBibliografía comentada al final de cada capítulo 4aEMIGRACION 4aHISTORIA SOCIAL 4aHISTORIA CULTURAL 4aEXILIO 4aHISTORIA POLITICA 4aPerú 4aChile 4aBolivia 4aAmérica Latina aDESPOTISMO1 aNavarro, Jesús Raúl1 aBerruezo, María Teresa1 aGallego, José Andrésecoordinador